| 000 | 00557nam a2200181Ia 4500 | ||
|---|---|---|---|
| 008 | 090711s9999 xx 000 0 und d | ||
| 082 | _b10654 | ||
| 100 | _aस्टाईन बेक जॉन | ||
| 245 | _aभाग्यSाक्र | ||
| 260 | _c1962 | ||
| 300 | _a120 | ||
| 600 | _aस्टाईन बेक जॉन | ||
| 630 | _aभाग्यSाक्र | ||
| 700 | _aस्टाईन बेक जॉन | ||
| 700 | _aअग्निहोत्री अ. शं. | ||
| 730 | _aभाग्यSाक्र | ||
| 942 | _cBOOK | ||
| 999 |
_c294550 _d294550 |
||